01014cam a22002534a 4500999001500000001000500015003000900020005001700029008004100046040002800087042001000115043001200125082002000137100003000157245012900187260003900316300003000355500002000385520005300405650003900458942001200497952013300509952011800642 c1709d17099353BD-DhUAP20200212150626.0200212s1996 bg l 001 0 eng  aBD-DhUAPcBD-DhUAPbEng alcode aa-bg--- 223a347.052 KHO aKhandakar, Md. Abu Bakar.10aThe Limitation Act, 1908 :b(act no. IX of 1908) with commentaries and up-todate legal decisions /cKhandakar Md. Abu Bakar. aDhaka :bJanani Art press,cc1996. aviii, 416 pages ;c22 cm. aIncludes index. aWith latest amendments and up-to-date case laws. 0aLimitation of actionszBangladesh. 2ddccBK 00102ddc4070aUAPCLbUAPCLcGeneral Stacksd2020-02-12l2o347.052 KHOp3010009353r2025-11-09s2025-10-30t1w2020-02-12yBK 00102ddc4070aUAPCLbUAPCLcGeneral Stacksd2020-02-12o347.052 KHOp3010009352r2020-02-12t2w2020-02-12yBK